Report of the Select Committee on Mines and Energy on the Petroleum Agreement among GOG,(GNPC) on the one Hand and Challenger Minerals (Ghana) Limited, AFEX OIl (Ghana) Limited and Tap Oil (Ghana) Limited and Tap Oil (Ghana) Limited on the hand, the Conduct of Exploration and Production Operations in the Offshore Accra Contract Area. (Record no. 1821)

MARC details
000 -LEADER
fixed length control field 00930nam a2200145Ia 4500
008 - FIXED-LENGTH DATA ELEMENTS--GENERAL INFORMATION
fixed length control field 240429s9999||||xx |||||||||||||| ||und||
041 ## - LANGUAGE CODE
Language code of text/sound track or separate title eng
082 ## - DEWEY DECIMAL CLASSIFICATION NUMBER
Classification number CR/CML/10
100 ## - MAIN ENTRY--PERSONAL NAME
Personal name Parliament of Ghana
245 #0 - TITLE STATEMENT
Title Report of the Select Committee on Mines and Energy on the Petroleum Agreement among GOG,(GNPC) on the one Hand and Challenger Minerals (Ghana) Limited, AFEX OIl (Ghana) Limited and Tap Oil (Ghana) Limited and Tap Oil (Ghana) Limited on the hand, the Conduct of Exploration and Production Operations in the Offshore Accra Contract Area.
300 ## - PHYSICAL DESCRIPTION
Extent 8p
650 ## - SUBJECT ADDED ENTRY--TOPICAL TERM
Topical term or geographic name entry element Report of the Select Committee on Mines and Energy on the Petroleum Agreement among GOG,(GNPC) - on the one Hand and Challenger Minerals (Ghana) Limited, AFEX OIl (Ghana) Limited and Tap Oil (Ghana - Limited on the hand, the Conduct of Exploration and Production - Operations in the Offshore Accra Contract Area.
942 ## - ADDED ENTRY ELEMENTS (KOHA)
Koha item type Committee Reports
Holdings
Withdrawn status Lost status Damaged status Not for loan Home library Current library Shelving location Date acquired Total checkouts Full call number Date last seen Copy number Price effective from Koha item type
        Main Library Main Library Open Shelves 28/11/2022   CR/CML/10 3619 C1 - CR/CML/10 3620 C2 - CR/CML/10 3621 C3 29/04/2024 1 29/04/2024 Committee Reports
©2026  Parliament of Ghana Library - All rights reserved